Biblioteca

¿Necesita la iglesia una revisión? (Registro nro. 60112)

Detalles MARC
000 -LÍDER
Campo fijo de descripción fija 01155aab a2200205 4500
001 - NÚMERO DE CONTROL
Campo de control 768714001
003 - IDENTIFICADOR DEL NÚMERO DE CONTROL
Campo de control CO-MdFUSB
005 - FECHA Y HORA DE LA ULTIMA TRANSACCIÓN
control field 20240614091753.0
008 - ELEMENTOS DE LONGITUD FIJA -- INFORMACIÓN GENERAL
Campo fijo de descripción fija -- Información general 170524s cr ||||| |||| 00| 0 spa d
022 ## - NÚMERO INTERNACIONAL NORMALIZADO PARA PUBLICACIONES SERIADAS
Número Internacional Normalizado para Publicaciones Seriadas 1409-1968
040 ## - FUENTE DE CATALOGACIÓN
Agencia Catalogadora CO-MdFUSB
Idioma de catalogación spa
Agencia que realiza la transcripción CO-MdFUSB
Agencia que realiza la modificación CO-MdFUSB
041 ## - CÓDIGO DE IDIOMA
Código de idioma para texto/pista de sonido o título separado spa
245 10 - TÍTULO
Título ¿Necesita la iglesia una revisión?
300 ## - DESCRIPCIÓN FÍSICA
Extensión Volumen 17. Número 4 (2000), páginas 60-66
Dimensiones : 27 cm.
520 ## - NOTA DE RESUMEN, ETC.
Nota de sumario, etc. La primera exploración de la iglesia está estrechamente relacionada con la evaluación de sus necesidades como iglesia y cómo esta puede marcar el rumbo apropiado en su futuro crecimiento. Cuando se realiza cualquier clase de consideración evaluativa, se hace indispensable aceptar las conclusiones a las que se llegue, en muchas ocasiones, estas van a causar dolor.<br/>En este artículo se expresan algunos lineamientos que ayudarán a realizar una evaluación exhaustiva y sincera de la congregación, por lo menos en ciertos aspectos fundamentales.
653 ## - TÉRMINO DE INDIZACIÓN - NO CONTROLADO
Término no controlado Eclesiología
773 0# - ASIENTO DE ITEM FUENTE
Título Apuntes Pastorales
Biblionumber 49442
Itemnumber 60145
Parte(s) relacionada(s) / Volumen., número. (mes año), páginas Volumen 17. Número 4 (2000), páginas 60-66
Enumeración y primera página Página 60
942 ## - TIPO DE MATERIAL (KOHA)
Tipo de Item KOHA Artículos de Revista
945 ## - INFORMACIÓN LOCAL DEL REGISTRO
Catalogador JTF-925

No hay ítems disponibles.

Biblioteca FUSBC | Teléfono: (57+4) 349 88 10 Ext. 141| WhatsApp (+57) 3005338115 
E-mail: biblioteca@unisbc.edu.co | Calle 76 87-14 Robledo Palenque, Medellín, Colombia

Con tecnología Koha